| 000 | 00627nam a22002057a 4500 | ||
|---|---|---|---|
| 005 | 20251108172440.0 | ||
| 008 | 250721s1974 xx 000 0 ara d | ||
| 082 | 1 | 4 | _a415/مبا |
| 100 | 1 | _aالمبارك، مازن | |
| 245 | 1 | 0 | _aالرماني النحوي في ضوء شرحه لكتاب سيبويه / |
| 264 | 1 |
_aبيروت : _bدار الكتاب اللبناني، _c1974. |
|
| 300 | _a488ص. | ||
| 650 | 1 | 7 | _aقواعد اللغة |
| 650 | 1 | 7 | _aاللغة العربية |
| 650 | 1 | 7 | _aعلم الصرف |
| 650 | 1 | 7 | _aالأفعال ( نحو ) |
| 653 | _aالنحو | ||
| 942 |
_2ddc _cBK |
||
| 999 |
_c79607 _d79607 |
||